Statistics for Biggest Cities in Europe starting with R

Click here to take the quiz!

General Stats

  • This quiz has been taken 63 times
  • The average score is 4 of 18

Answer Stats

Population Country Answer % Correct
2,649,000ItalyRome
90%
593,000NetherlandsRotterdam
82%
793,000LatviaRiga
69%
1,003,000RussiaRostov
49%
197,000FranceRennes
39%
180,000FranceReims
38%
203,000GermanyRostock
26%
255,000United KingdomRotherham
11%
168,000CroatiaRijeka
10%
162,000PolandRzeszow
8%
528,000RussiaRyazan
7%
232,000PolandRadom
7%
180,000ItalyReggio Calabria
5%
207,000United KingdomRochdale
2%
241,000RussiaRybinsk
2%
244,000UkraineRovno
2%
158,000PolandRuda Slaska
2%
167,000BulgariaRousse
0%

Score Distribution

Percentile by Number Answered

Percent of People with Each Score

Your Score History

You have not taken this quiz